| 000 | 00900nam a22002417a 4500 | ||
|---|---|---|---|
| 001 | 80361 | ||
| 003 | BD-RjUL | ||
| 005 | 20230122144807.0 | ||
| 008 | 220914s2006 bg a|||| m||| 00| 0 eng d | ||
| 035 | _a(BD-RjUL)80361 | ||
| 040 |
_aBD-RjUL _beng _cBD-RjUL _dBD-RjUL |
||
| 041 | _aeng | ||
| 082 |
_223 _a514.224 _bHOS 2006 |
||
| 100 |
_aHossain, Mohd. Altab _94817 |
||
| 245 | 1 | 0 |
_aStudy of structures in some branches of Mathematics / _cBy Mohd. Altab Hossain ; _6Supervisor : Subrata, Majumdar |
| 260 |
_aRajshahi : _bDepartment of Mathematics Faculty of Science, University of Rajshahi, _c2006 |
||
| 300 |
_avi, 116 leaves : _bill, ; _c29.cm. |
||
| 502 | _aThesis (Ph. D.) -- Department of Mathematics Faculty of Science, University of Rajshahi, 2006 | ||
| 504 | _aReferences : Leaves 108 - 116 | ||
| 650 |
_vTopology _94818 |
||
| 700 |
_aMajumdar, Subrata, Supervisor _94785 |
||
| 942 |
_2ddc _cTHE |
||
| 999 |
_c80361 _d80361 |
||